000 00789nam a2200277Ia 4500
003 OSt
005 20221006155116.0
006 a|||||r|||| 00| 0
007 ta
008 221006b |||||||| |||| 00| 0 eng d
020 _a9780415323154
_c¥5889
024 _a40,388
037 _bGift, Japan Foundation
_cTextual
040 _aEASL
_cEASL
_beng
041 _2eng
_aeng
082 _aV42.P02, P4
100 _aWilliams David
245 0 _aDefending Japan's pacific war
_b The Kyoto School philosophers and post-white power
260 _aLondon
_bRoutledge
_c2004
300 _a264p.
_ccm.
490 _v JEL
650 _a Nazism
650 _aJEL
942 _hV42.P02, P4
_cTEXL
_2CC
999 _c1108474
_d1108474